Statistics for Countries with embassies and consulates in Lagos

Click here to take the quiz!

General Stats

  • This quiz has been taken 28 times
  • The average score is 17 of 20

Answer Stats

ContinentCountry% Correct
AsiaChina
100%
EuropeFrance
96%
EuropeGermany
96%
EuropeUnited Kingdom
96%
North AmericaUnited States of America
96%
South AmericaBrazil
92%
Asia/ EuropeRussia
92%
AfricaEgypt
88%
EuropeItaly
88%
EuropeSpain
88%
AfricaBenin
85%
North AmericaCanada
85%
AsiaJapan
85%
AfricaSouth Africa
85%
Europethe Netherlands
85%
AfricaGhana
81%
EuropeGreece
81%
AsiaSouth Korea
73%
AfricaEquatorial Guinea
65%
AfricaGuinea
54%

Score Distribution

Percentile by Number Answered

Percent of People with Each Score

Your Score History

You have not taken this quiz